000 01278cac a2200253 a 4500
003 Co-PeBPM
005 20260218090421.0
008 141031e2006IIIIck a g 000 j spa
020 _a958380133X
040 0 _aCo-PeBPM
_bspa
_erda
_cCo-PeBPM
041 _aspa
082 0 4 _aCo863 L847l
_222
100 1 _aLondoño Velez, Santiago
_919938
_eautor
245 1 0 _aLibro de los monstruos buenos
_c/ Santiago Londoño Vélez
250 _aPrimera edición
260 _aBogotá, Colombia
_b: Fondo de Cultura Económica
_c, 2006
300 _a105 páginas
_b: ilustraciones en blanco y negro
_c; 21 centímetros
520 _a"Se cree, desde hace mucho tiempo, que los monstruos son malos. Los hay malos, claro está. Pero debido a que hay tantos monstruos buenos, en la antigüedad inventaron la palabra monstrum que en latín significa prodigio-para nombrar lo muy raro y fuera de lo común o lo que llame la atención por sus cualidades especiales. Así, este libro es un monstruario para conocer a los monstruos buenos y evitar que se confundan con los malos."
648 1 4 _aSiglo XX
_2LEMB
650 1 4 _aCuentos infantiles colombianos
_2LEMB
_9388
650 1 4 _aLiteratura infantil colombiana
_2LEMB
_9389
650 1 4 _aMonstruos en la literatura
_2LEMB
_9391
942 _2ddc
_cBK
999 _c1357
_d1357